000 00606nas a2200229Ia 4500
001 A50/R028-19428 [r000018575]
003 IT-MiCISF
005 20251230134802.0
008 161014c99999999xx |||||||||||| ||und||
040 _aIT-MiCISF
_cIT-MiCISF
041 _ait
100 _aPeretti Marcello
_963005
245 0 _aLa consumazione del sesso
250 _a"La famiglia", n. 6, novembre-dicembre
260 _c1979
300 _app. 504-513
500 _a piacere, erotismo, morale-sessuale, valori, amore
650 _aSessualità
654 _aarticolo
942 _cCR
_2ddc
999 _c244789
_d244789
999 _bSi